| Tag |
First Indicator |
Second Indicator |
Subfields |
| LEADER |
00000cam a2200000Ia 4500 |
| 001 |
in00002520121 |
| 005 |
20151111062924.0 |
| 008 |
090312s2009 nyuac 001 0 eng d |
| 020 |
|
|
|a 9780307461353
|
| 020 |
|
|
|a 0307461351
|
| 035 |
|
|
|a (OCoLC)ocn316029354
|
| 040 |
|
|
|a BTCTA
|c BTCTA
|d YDX
|d NPL
|d WNC
|d BWX
|d YWM
|d ILC
|d LMR
|d WIQ
|d TXA
|d UtOrBLW
|
| 043 |
|
|
|a n-us---
|
| 049 |
|
|
|a TXAM
|
| 082 |
0 |
|
|a 363.28
|b K485in
|2 22
|
| 090 |
|
|
|a HV8144.S43
|b K47 2009
|
| 100 |
1 |
|
|a Kessler, Ronald,
|d 1943-
|
| 245 |
1 |
0 |
|a In the president's secret service :
|b behind the scenes with agents in the line of fire and the presidents they protect /
|c Ronald Kessler.
|
| 250 |
|
|
|a 1st ed.
|
| 264 |
|
1 |
|a New York :
|b Crown Publishers,
|c [2009]
|
| 264 |
|
4 |
|c ©2009
|
| 300 |
|
|
|a xii, 273 pages, 8 unnumbered pages of plates :
|b illustrations, portraits ;
|c 24 cm.
|
| 336 |
|
|
|a text
|b txt
|2 rdacontent
|
| 337 |
|
|
|a unmediated
|b n
|2 rdamedia
|
| 338 |
|
|
|a volume
|b nc
|2 rdacarrier
|
| 500 |
|
|
|a Includes index.
|
| 520 |
|
|
|a Because Secret Service agents are sworn to secrecy, the American public rarely knows what presidents, vice presidents, presidential candidates and Cabinet officers and their families are really like. If they did, says a former Secret Service agent, "They would scream."
|
| 505 |
0 |
|
|a Supervise -- Lancer -- Volunteer -- Threats -- Searchlight -- Daro -- Passkey -- Crown -- Jackal -- Deacon -- Stagecoach -- Rawhide -- Rainbow -- Hogan's alley -- "I forgot to duck" -- The big show -- Timberwolf -- A psychic's vision -- Eagle -- Cutting corners -- POTUS -- Shutting down magnetometers -- Trailblazer -- Living on borrowed time -- Turquoise and Twinkle -- Angler -- Renegade -- Grenade -- Padding statistics -- Dereliction of duty.
|
| 610 |
1 |
0 |
|a United States.
|b Secret Service
|x History.
|
| 650 |
|
0 |
|a Secret service
|z United States
|x History.
|
| 650 |
|
0 |
|a Presidents
|x Protection
|z United States.
|
| 948 |
|
|
|a cataloged
|b h
|c 2009/9/21
|d c
|e ceaton
|f 3:39:20 pm
|
| 994 |
|
|
|a C0
|b TXA
|
| 999 |
|
|
|a MARS
|
| 999 |
f |
f |
|s bb2d79d7-7970-3af7-a28e-ad8f18306c12
|i ea527307-89d9-3d82-b819-54c2a0037fde
|t 0
|
| 952 |
f |
f |
|p ric
|a Texas A&M University
|b Rellis Campus
|c Joint Library Facility
|d Remote Storage
|t 0
|e HV8144.S43 K47 2009
|h Library of Congress classification
|i unmediated -- volume
|m A14838914117
|
| 952 |
f |
f |
|p normal
|a Texas A&M University
|b College Station
|c Sterling C. Evans Library
|d Evans: Library Stacks
|t 0
|e HV8144.S43 K47 2009
|h Library of Congress classification
|i unmediated -- volume
|m A14838896767
|
| 952 |
f |
f |
|a Texas A&M University
|b College Station
|c Sterling C. Evans Library
|d Evans: Library Stacks
|t 0
|e HV8144.S43 K47 2009
|h Library of Congress classification
|
| 998 |
f |
f |
|a HV8144.S43 K47 2009
|t 0
|l Evans: Library Stacks
|
| 998 |
f |
f |
|a HV8144.S43 K47 2009
|t 0
|l Remote Storage
|
| 998 |
f |
f |
|a HV8144.S43 K47 2009
|t 0
|l Evans: Library Stacks
|